Largest City by Country A-Z - Statistics

General Stats
  • This quiz has been taken 972 times
  • The average score is 18 of 23
Answer Stats
Letter City % Correct
B Baghdad | Baku | Bamako | Bandar Seri Begawan | Bangkok | 19 more
93%
L La Paz | Lagos | Libreville | Lilongwe | Lima | 7 more
93%
M Madrid | Majuro | Malé | Managua | Manama | 14 more
93%
T Taipei | Tallinn | Tashkent | Tibilisi | Tegucigalpa | 8 more
91%
S San José | San Salvador | Sana'a | Santiago | Santo Domingo | 15 more
90%
D Dakar | Damascus | Dar es Salaam | Delhi | Dhaka | 8 more
89%
N Nairobi | Nassau | N'Djamena | New York City | Niamey | 3 more
89%
P Panama City | Paramaribo | Paris | Phnom Penh | Podgorica | 8 more
89%
A Abidjan | Accra | Addis Ababa | Algiers | Almaty | 9 more
85%
K Kabul | Kampala | Karachi | Kathmandu | Khartoum | 8 more
85%
C Cairo | Caracas | Casablanca | Castries | Chaguanas | 5 more
84%
J Jakarta | Johannesburg | Juba
80%
H Harare | Havana | Helsinki | Ho Chi Minh City | Honiara
79%
G Gaborone | Georgetown | Guangzhou | Guatemala City | Guayaquil
75%
V Vatican City | Victoria | Vienna | Vientiane | Vilnius
75%
R Reykjavik | Riga | Riyadh | Roseau | Rotterdam
70%
O Oslo | Ouagadougou
68%
W Warsaw | Weno | Windhoek
65%
Z Zagreb | Zurich
64%
Y Yangon | Yaren | Yerevan
62%
U Ulaanbaatar
61%
F Freetown | Funafuti
54%
I Istanbul
54%
No matching quizzes found
Score Distribution
Percent of People with Each Score
Percentile by Number Answered
Your Score History
You have not taken this quiz